000 00639nam a2200253Ia 4500
003 OSt
005 20221005124059.0
006 a|||||r|||| 00| 0
007 ta
008 221004b |||||||| |||| 00| 0 mal d
024 _a56478
037 _cTextual
040 _aCRL
_cCRL
_bmal
041 _2mal
_amal
082 _aO32,3N00,12, J2
100 _aPillai Narayana
245 0 _aMatangi
260 _c1952
300 _a174p.
_ccm.
650 _a MALAYALAM LITERATURE
_938866
650 _aMALAYALAM FICTION
_9183428
942 _hO32,3N00,12, J2
_cTEXL
_2cc
999 _c1049396
_d1049396